000 00638nam a2200193 i 4500
001 77936
003 ES-MaACL
005 20230906173447.0
007 t|
008 041115s1992 sp ||||1| spa d
020 _a84-604-4326-4
080 _a797.14
245 0 0 _aOPSAIL'92
_b: Gran regata Colón '92: Quinto Centenario = Grand regatta Columbus '92: quincentenary /
_c[textos Esteban Arriaga].
260 _aTorremolinos :
_bEsteban Arriaga,
_c[1992]
300 _a126 p., [8] h. de lám. :
_bil. ;
_c24 x 33 cm.
650 1 4 _aRegatas a vela.
_916740
700 1 _aArriaga, Esteban.
_923270
852 _aES-MaACL
_jL-28450
_bR.134552
999 _c77936
_d77936